Orsay (Record no. 11012)

MARC details
000 -CABECERA
campo de control de longitud fija 00944nam a22002777a 4500
001 - NÚMERO DE CONTROL
campo de control BRCA_9390
003 - IDENTIFICADOR DEL NÚMERO DE CONTROL
campo de control FranzMayer
005 - FECHA Y HORA DE LA ÚLTIMA TRANSACCIÓN
campo de control 20230918124606.0
008 - DATOS DE LONGITUD FIJA--INFORMACIÓN GENERAL
campo de control de longitud fija 230901b |||||||| |||| 00| 0 eng d
020 ## - NÚMERO INTERNACIONAL ESTÁNDAR DEL LIBRO
Número Internacional Estándar del Libro 2866563174
040 ## - FUENTE DE LA CATALOGACIÓN
Centro catalogador/agencia de origen MFM
Lengua de catalogación ESPAÑOL
Centro/agencia transcriptor MFM
050 #0 - SIGNATURA TOPOGRÁFICA DE LA BIBLIOTECA DEL CONGRESO
Número de clasificación N2050.O77
Número de documento/Ítem T45 2003
100 1# - ENTRADA PRINCIPAL--NOMBRE DE PERSONA
Código de función/relación Autor
Nombre de persona Thiébaut, Philippe
9 (RLIN) 29477
240 ## - TÍTULO UNIFORME
Título uniforme Orsay
Medio Les arts décoratifs
Lenguaje de la obra Francés
245 0# - MENCIÓN DE TÍTULO
Título Orsay
Resto del título Les arts décoratifs
260 ## - PUBLICACIÓN, DISTRIBUCIÓN, ETC.
Lugar de publicación, distribución, etc. Paris, Francia
Nombre del editor, distribuidor, etc. Scala Editions
Fecha de publicación, distribución, etc. 2003
300 ## - DESCRIPCIÓN FÍSICA
Extensión 127 p
Otras características físicas Ilustraciones a color
Dimensiones 28 cm
500 ## - NOTA GENERAL
Nota general Anexo 1
505 ## - NOTA DE CONTENIDO CON FORMATO
Nota de contenido con formato Texto en: francésIncluye índice temáticoDirigido a: artistas y diseñadores
650 1# - PUNTO DE ACCESO ADICIONAL DE MATERIA--TÉRMINO DE MATERIA
Fuente del encabezamiento o término Artes visuales
Término de materia o nombre geográfico como elemento de entrada Museos y galerias
Subdivisión de forma Museos europeos
9 (RLIN) 29478
651 2# - PUNTO DE ACCESO ADICIONAL DE MATERIA--NOMBRE GEOGRÁFICO
Fuente del encabezamiento o término Francia
Nombre geográfico Paris
Subdivisión de forma Orsay
9 (RLIN) 29479
700 1# - PUNTO DE ACCESO ADICIONAL--NOMBRE DE PERSONA
Código de función/relación Portada
Nombre de persona Renard, Thierry
9 (RLIN) 29480
700 1# - PUNTO DE ACCESO ADICIONAL--NOMBRE DE PERSONA
Código de función/relación Coord.
Nombre de persona Nisseron, C´cile
9 (RLIN) 29481
700 1# - PUNTO DE ACCESO ADICIONAL--NOMBRE DE PERSONA
Código de función/relación Corr
Nombre de persona Julia, Véronique
9 (RLIN) 29482
942 ## - ELEMENTOS DE PUNTO DE ACCESO ADICIONAL (KOHA)
Fuente del sistema de clasificación o colocación Library of Congress Classification
Tipo de ítem Koha Libros
Holdings
Estado de retiro Estado de pérdida Fuente del sistema de clasificación o colocación Estado dañado No para préstamo Código de colección Localización permanente Ubicación/localización actual Fecha de adquisición Total de préstamos Signatura topográfica completa Código de barras Fecha visto por última vez Precio válido a partir de Tipo de ítem Koha
El ejemplar forma parte de la colección y puede ser consultado según las políticas vigentes.   Library of Congress Classification     Fondo Contemporáneo Biblioteca del Museo Franz Mayer (Rogerio Casas-Alatriste) Biblioteca del Museo Franz Mayer (Rogerio Casas-Alatriste) 01/09/2023   N2050.O77 T45 2003 CONT10159 01/09/2023 01/09/2023 Libros